000 00640ntaaa2200217 4500
003 01
005 20251027200808.0
008 0714s1973 ag 01
040 _aAR-BaBN
_bspa
_cAR-BaBN
_eaacr
_dRIC
082 _a788.1 G22
100 _aGatti, D.
245 _aMétodo teórico-práctico para el estudio de la corneta en Si bemol y para cualquier otro instrumento de cobre /
_cD. Gatti
250 _a1 ed.
260 _aBuenos Aires :
_bRicordi Americana,
_cs/f
300 _a41 p
500 _aBiblioteca de Müsica.4/84 juego de fichas retirado
650 _aMusica
650 _aMusica-Corneta
650 _aCorneta
942 _cBK
999 _c2135
_d2135